00451nam a2200157Ia 4500008004100000020001800041082001700059100002000076245003800096250000800134260003200142300001400174500002400188650001500212700006600227230524s9999 xx 000 0 und d a9788126509409 a658.415bMAN aSamuel J.Mantel 0aProject Management: Core Textbook aIST aNEW DELHIbJohn Wileyc2009 aXVIII;377 aQuantity Number: 2 aManagement a" Jack R.Meredith, Scott M.Shafer, M.M.Sutton , M.R.Gopalan,"